MDQL
is popping MORE tags! Check the
thread
!
Quizzes
Events
Quiz Creation
Community
Videos
Private Events
Remove Ads
Sign In
Join for FREE
Feedback
Dark Mode
Quiz Categories
Sports
Geography
Music
Movies
Television
Just For Fun
Miscellaneous
History
Literature
Language
Science
Gaming
Entertainment
Religion
Holiday
For Kids
Quiz Lab
Recent
Popular Today
Quiz Kudos Today
Editor Picks
Curator Picks
Quizzes by...
Day
Popularity
Type
Ratings
Length
Year
Community
Subscriptions
Recent Discussions
Orange Saloon
Badges
Playlists
Quests
Create
Leaderboards
Showdown
Live 5
Trivia Bingo
Activity
Puzzle Library
Sporcle Events
Private Events
Virtual Trivia
Globe League
Become a Host
Pub Owners
SporcleCon
Opinionation
Our Games
Videos
Blog
Mobile Apps
Partnerships
Remove Ads and Go Orange
Feedback
Language
Vocabulary
Begins and Ends
Definition
Spanish
French
German
Italian
Chinese
Latin
Translation
Japanese
Language
Vocabulary
Begins and Ends
Definition
Spanish
French
German
Italian
Chinese
Latin
Translation
Japanese
Random Quiz
Search Sporcle
×
Quiz Lab
Quiz Lab
Language
Spanish
Type in answers that appear in a list
Type in answers that appear in a list
Classic
Best Score? Go Orange.
Spanish: Opposites Stats
Can you name the opposites in Spanish for the adjective pairs below?
By
TWH
3m
40 Questions
284 Plays
284 Plays
284 Plays
Comments
Comments
Give Quiz Kudos
Give Quiz Kudos
-
- Ratings
hide this ad
More Info
Replay
Link that replays current quiz
Next Quiz
Link to next quiz in quiz playlist
You Got
0%
They Got
Avg Score
66%
Avg Friend Score
Upgrade to see
Score Distribution
Jump to the score distribution portion of the page
Score
0/40
Timer
03:00
0
Plays Today
% Correct
feo
93.7%
grande
91.2%
pequeño
89.8%
fácil
84.5%
guapo
82%
más
81.7%
difícil
81.3%
frío
79.2%
gordo
78.5%
serio
78.5%
cómico
78.5%
caro
78.2%
menos
75.7%
barato
73.2%
triste
72.2%
feliz
72.2%
rápido
71.8%
falso
70.8%
alto
70.4%
caliente
70.1%
% Correct
verdad
68.7%
bajo
66.9%
flaco
64.8%
joven
63.4%
listo
62.7%
lento
62.3%
viejo
61.6%
rico
61.3%
tonto
58.5%
abierto
58.5%
enfermo
57.7%
cerrado
57.4%
pobre
55.3%
dulce
54.2%
lleno
50.4%
sano
49.6%
vacío
43.3%
ácido
42.3%
cercano
27.8%
lejano
25%
Quiz Playlist
Details
Report
Send in Message
Add To Playlist
More Info:
All answers are adjectives
Classic:
Type in answers that appear in a list
Last Updated: Feb 16, 2017
Quiz Scoreboard
CHALLENGE
Sign Up to Join the Scoreboard
Show All
Scores
Hide
Comments
May contain spoilers
Recently Published
Two Season TV Shows II
by 123Four
Television
10m
Image Sorting: Flags VI
by Barbecue
Geography
2m
Find the 'City' Movie
by crazypaving
Movies
60s
More to Explore
Quiz From the Vault
Featured Blog Post
14 Easter Pick-up Lines to Find Eggs With
hide this ad
You Might Also Like...
Tags
Spanish Quiz
Adjective
opposite
Today's Top Quizzes in Language
Browse Language
hide this ad
Today's Top Quizzes in Spanish
Browse Spanish
Top Contributed Quizzes in Language
1
What Word Starts All?
2
1-10 Letter F Words III
3
1-10 Letter G Words III
4
Weisst du, aus welchen Sprachen diese Wörter stammen?
5
1-10 Letter H Words III
6
Harry Potter book 6 chapters: English & Greek
7
Arabic Numerals
8
1-10 Letter I Words III
9
One Thing in Common: Italy
10
Celtic Nations in their Language
Explore More
Trending Topics
NBA
Kpop
Crossword
Anime
Disney
Marvel
Harry Potter
NFL
Pokémon
Song
WWE
Country
Soccer
Puzzle
The Office
hide this ad
More By:
TWH
Quiz
Plays
Rating
Category
Featured
Created
Spanish: Por vs. Para
39,461
4.19
Language
Nov 21, 2011
Spanish: Prepositions
31,239
4.07
Language
Nov 15, 2011
Spanish to English Cognates (Uncommon)
1,573
3.31
Language
Oct 11, 2011
Spanish: Grammar Vocabulary
1,057
4.38
Language
Dec 30, 2011
12 Disciples in Spanish
962
3.40
Religion
Jul 12, 2010
Go to Creator's Profile
Score Distribution
Quiz Creator Spotlight
TWH
Follow
Send a Message
Quizzes Created
-
Created Quiz Play Count
-
More By This Creator
Popular Quizzes Today
1
Find the US States - No Outlines Minefield
2
Colored Red Africa Blitz
3
Find the 'City' Movie
4
5x2 Blitz: Bands
5
The Countries of the World
6
Find the Countries of Europe - No Outlines Minefield
7
Find the US States
8
US States
More Language Quizzes
French in Other Languages
Quiz Lab
Trending Quizzes
Colored Red Europe Blitz I
Colored Red Africa Blitz II
Colored Red Europe Blitz II
Colored Red Europe Blitz III
Colored Red Africa Blitz III
Recently Updated
How Do You Spell That?
pecheneg
Godzilla Movies
pecheneg
Grab Bag: 4-10 Letters
pecheneg
2024 March Madness Bracket
pecheneg
Famous TV Couples
Peacemaker
Champions League XIs: Real Madrid
pecheneg
Largest US Cities 1790-2010
pecheneg
Rides in Walt Disney World
pecheneg
Most Oscar Losses (Acting)
pecheneg
Beyoncé Albums
pecheneg
Trending Topics
Harry Potter
NBA
Anime
Marvel
Crossword
Kpop
Disney
The Office
Soccer
Pokémon
Country
WWE
Puzzle
NFL
Song
Your Account Isn't Verified!
In order to create a playlist on Sporcle, you need to verify the email address you used during registration. Go to your
Sporcle Settings
to finish the process.
Report this User
Report this user for behavior that violates our
Community Guidelines
.
Details:
Send Report
Go to the Sporcle.com Mobile Site →
Comments